[Event "×ÐÊ ñðåäè ìóæ÷èí"]
[Site "?"]
[Date "2014.05.11"]
[Round "9"]
[White "Akhmetov, Ayan"]
[Black "Makhnyov, Denis"]
[Result "1-0"]
[WhiteElo "2386"]
[BlackElo "2187"]
[PlyCount "58"]

1. e4 Nf6 2. e5 Nd5 3. d4 d6 4. c4 Nb6 5. exd6 exd6 6. Nc3 Be7 7. Bd3 Nc6 8.
Nge2 Bg4 9. Be3 Bf6 10. Qd2 Nb4 11. O-O O-O 12. Rae1 d5 13. c5 Nc4 14. Bxc4
dxc4 15. a3 Nd3 16. Rb1 Re8 17. Rfd1 b6 18. b4 Bh4 19. Rf1 Qd7 20. d5 Bxe2 21.
Qxe2 Bf6 22. Qa2 Qg4 23. h3 Qh4 24. Nb5 Be5 25. d6 Re6 26. Nxc7 Rg6 27. f4 Qxh3
28. Qe2 Qh4 29. fxe5 Rd8 1-0